000 00328 a2200157 4500
001 45263
020 _a9788560820221
040 _cAnchieta - Aquarius
100 _aZimet, Ben
240 1 0 _a=O Colombo de Chelem
_lpor
245 1 0 _a=O Colombo de Chelem
300 _a79
362 0 _a2007
650 4 _aRomance
942 _cBK
999 _c45263
_d45263